Mathematical problems in the geophysical sciences
Αποθηκεύτηκε σε:
| Συλλογικό Έργο: | , , |
|---|---|
| Άλλοι συγγραφείς: | |
| Μορφή: | Πρακτικό Συνεδρίου Βιβλίο |
| Γλώσσα: | English |
| Δημοσίευση: |
Providence, R.I. :
American Mathematical Society,
1971.
|
| Σειρά: | Lectures in applied mathematics ;
13-14 |
| Θέματα: | |
| Ετικέτες: |
Προσθήκη ετικέτας
Δεν υπάρχουν, Καταχωρήστε ετικέτα πρώτοι!
|
MARC
| LEADER | 00000cam a2200000 i 4500 | ||
|---|---|---|---|
| 001 | 1/44902 | ||
| 008 | 941103s1971 riu| ||| |||| ||eng|| | ||
| 020 | |a 0821811134 | ||
| 020 | |a 0821811142 | ||
| 035 | |a 1994 |l 10042399 | ||
| 040 | |a GR-MyUA |b gre |e AACR2 | ||
| 041 | 0 | |a eng | |
| 082 | 7 | |a 551.01515 |2 (22) | |
| 111 | 2 | |a Summer Seminar on Applied Mathematics |n (6th : |d 1970 : |c Rensselaer Polytechnic Institute) | |
| 245 | 1 | 0 | |a Mathematical problems in the geophysical sciences / |c William H. Reid, editor. |
| 260 | |a Providence, R.I. : |b American Mathematical Society, |c 1971. | ||
| 300 | |a 2 τ. ; |c 24 εκ. | ||
| 490 | 1 | |a (Lectures in applied mathematics ; |v 13-14) | |
| 500 | |a Prepared by the American Mathematical Society under contract N00014-69-C-0381 with the Office of Naval Research. | ||
| 500 | |a Sponsored jointly by the American Mathematical Society and the Society for Industrial and Applied Mathematics. | ||
| 500 | |a Proceedings of the Summer seminar, Potsdam, New York, 1972, are entered under title: Nonlinear Wave motion. | ||
| 504 | |a Περιέχει βιβλιογραφικές παραπομπές. | ||
| 505 | 8 | |a 1. Geophysical fluid dynamics -- 2. Inverse problems, dynamo theory, and tides. | |
| 650 | 0 | |a Geophysics. | |
| 650 | 0 | |a Mathematical analysis. | |
| 700 | 1 | |a Reid, William Hill, |d 1926- |e edt | |
| 710 | 2 | |a American Mathematical Society. | |
| 710 | 2 | |a Society for Industrial and Applied Mathematics. | |
| 740 | 0 | |a Geophysical fluid dynamics. | |
| 740 | 0 | |a Inverse problems, dynamo theory and tides. | |
| 830 | 0 | |a Lectures in applied mathematics ; |v 13-14 | |
| 852 | |a INST |b SAMOS |e 19941103 |h 551.01515 SUM |p 005300007320 |q 005300007320 |t BK |y 0 |z v.2 | ||
| 852 | |a INST |b SAMOS |e 19941103 |h 551.01515 SUM |p 005300007321 |q 005300007321 |t BK |y 0 |z v.1 | ||
| 852 | |a INST |b SAMOS |e 19941103 |h 551.01515 SUM |p 005300007320 |q 005300007320 |t BK |v v.2: |y 0 |z v.2 | ||
| 852 | |a INST |b SAMOS |e 19941103 |h 551.01515 SUM |p 005300007321 |q 005300007321 |t BK |v v.1: |y 0 |z v.1 | ||
| 853 | |a INST |b SAMOS |h 551.01515 SUM | ||